<?xml version='1.0' encoding='UTF-8'?>
  <record xmlns="http://www.loc.gov/MARC21/slim">
    <leader>00000cem a2200000 i 4500</leader>
    <controlfield tag="001">ocn980569746</controlfield>
    <controlfield tag="003">OCoLC</controlfield>
    <controlfield tag="005">20251120004045.8</controlfield>
    <controlfield tag="008">030701s1837    ne        a     0   dut d</controlfield>
    <datafield tag="040" ind1=" " ind2=" ">
      <subfield code="a">QGJ</subfield>
      <subfield code="b">dut</subfield>
      <subfield code="c">QGJ</subfield>
      <subfield code="d">OCLCL</subfield>
      <subfield code="d">OCLCQ</subfield>
    </datafield>
    <datafield tag="035" ind1=" " ind2=" ">
      <subfield code="a">(OCoLC)980569746</subfield>
    </datafield>
    <datafield tag="084" ind1=" " ind2=" ">
      <subfield code="a">38.60</subfield>
      <subfield code="2">bcl</subfield>
    </datafield>
    <datafield tag="245" ind1="0" ind2="0">
      <subfield code="a">Kaart van de provincie Groningen met aanduiding van de grondgesteldheid en den waterstaat en vele, voor de geschiedenis van haren bodem belangrijke bijzonderheden :</subfield>
      <subfield code="b">opgemaakt naar de bestaande kaarten en volgens nadere opnemingen en inlichtingen met behulp der Commissie van onderwijs aldaar, van de gemeentebesturen en van andere deskundigen /</subfield>
      <subfield code="c">onder toezicht van G. Acker Stratingh door I. A. Smit van der Vegt ; gegrav. door Dl. Veelwaard en zoon.</subfield>
    </datafield>
    <datafield tag="246" ind1="1" ind2=" ">
      <subfield code="a">Beschrijving van de kaart van de provincie Groningen met aanduiding van de grondgesteldheid ...</subfield>
    </datafield>
    <datafield tag="255" ind1=" " ind2=" ">
      <subfield code="a">Schaal [ca. 1:110.000].</subfield>
    </datafield>
    <datafield tag="264" ind1=" " ind2="1">
      <subfield code="a">Groningen :</subfield>
      <subfield code="b">Kunstplaatdrukkerij van der Wed. Koning en Brugman,</subfield>
      <subfield code="c">1837.</subfield>
    </datafield>
    <datafield tag="300" ind1=" " ind2=" ">
      <subfield code="a">1 krt. :</subfield>
      <subfield code="b">kopergrav., gekleurd ;</subfield>
      <subfield code="c">69 x 94 cm</subfield>
    </datafield>
    <datafield tag="336" ind1=" " ind2=" ">
      <subfield code="a">cartografische afbeelding</subfield>
      <subfield code="b">cri</subfield>
      <subfield code="2">rdacontent/dut</subfield>
    </datafield>
    <datafield tag="337" ind1=" " ind2=" ">
      <subfield code="a">zonder medium</subfield>
      <subfield code="b">n</subfield>
      <subfield code="2">rdamedia/dut</subfield>
    </datafield>
    <datafield tag="338" ind1=" " ind2=" ">
      <subfield code="a">vel</subfield>
      <subfield code="b">nb</subfield>
      <subfield code="2">rdacarrier/dut</subfield>
    </datafield>
    <datafield tag="500" ind1=" " ind2=" ">
      <subfield code="a">Met bijl. o.d.t.: Beschrijving van de kaart van de provincie Groningen met aanduiding van de grondgesteldheid ... / onder toezigt van G. Acker Stratingh door J.A. Smit van der Vegt. - Groningen : W. van Boekeren, 1839. - 28 p.</subfield>
    </datafield>
    <datafield tag="500" ind1=" " ind2=" ">
      <subfield code="a">Met namen der Zijlvesten (I-XVI).</subfield>
    </datafield>
    <datafield tag="500" ind1=" " ind2=" ">
      <subfield code="a">Legenda.</subfield>
    </datafield>
    <datafield tag="500" ind1=" " ind2=" ">
      <subfield code="a">Met schaalstok (4 uren gaans of 22220 Nederlandsche ellen).</subfield>
    </datafield>
    <datafield tag="500" ind1=" " ind2=" ">
      <subfield code="a">Met inzet linksboven: Rottumeroog.</subfield>
    </datafield>
    <datafield tag="510" ind1="0" ind2=" ">
      <subfield code="a">Fockema Andreae en Van 't Hoff (Geschiedenis der kartografie van Nederland) 98</subfield>
    </datafield>
    <datafield tag="530" ind1=" " ind2=" ">
      <subfield code="a">Also available in online version.</subfield>
    </datafield>
    <datafield tag="650" ind1=" " ind2="7">
      <subfield code="a">Grondsoorten.</subfield>
      <subfield code="0">(NL-LeOCL)078526841.</subfield>
      <subfield code="2">gtt</subfield>
    </datafield>
    <datafield tag="650" ind1=" " ind2="7">
      <subfield code="a">Waterschappen.</subfield>
      <subfield code="0">(NL-LeOCL)078955386.</subfield>
      <subfield code="2">gtt</subfield>
    </datafield>
    <datafield tag="651" ind1=" " ind2="7">
      <subfield code="a">Groningen (provincie)</subfield>
      <subfield code="0">(NL-LeOCL)07852704X.</subfield>
      <subfield code="2">gtt</subfield>
    </datafield>
    <datafield tag="655" ind1=" " ind2="7">
      <subfield code="a">Kaarten (vorm)</subfield>
      <subfield code="0">(NL-LeOCL)088143554.</subfield>
      <subfield code="2">gtt</subfield>
    </datafield>
    <datafield tag="700" ind1="1" ind2=" ">
      <subfield code="a">Acker Stratingh, Gozewijn,</subfield>
      <subfield code="d">1804-1876.</subfield>
    </datafield>
    <datafield tag="700" ind1="1" ind2=" ">
      <subfield code="a">Smit van der Vegt, Jacob Arend,</subfield>
      <subfield code="d">1809-</subfield>
      <subfield code="1">https://id.oclc.org/worldcat/entity/E39PCjMGVwgTfX8Htrxb4v9WCP</subfield>
    </datafield>
    <datafield tag="700" ind1="1" ind2=" ">
      <subfield code="a">Veelwaard, Daniel,</subfield>
      <subfield code="d">1766-1851.</subfield>
    </datafield>
    <datafield tag="776" ind1="0" ind2="8">
      <subfield code="i">Online version:</subfield>
      <subfield code="t">Kaart van de provincie Groningen met aanduiding van de grondgesteldheid en den waterstaat en vele, voor de geschiedenis van haren bodem belangrijke bijzonderheden :</subfield>
      <subfield code="d">Groningen : Kunstplaatdrukkerij van der Wed. Koning en Brugman, 1837.</subfield>
    </datafield>
    <datafield tag="856" ind1="4" ind2="1">
      <subfield code="u">http://objects.library.uu.nl/reader/resolver.php?obj=002029183&amp;type=2</subfield>
      <subfield code="x">Online</subfield>
      <subfield code="z">Map</subfield>
    </datafield>
    <datafield tag="936" ind1=" " ind2=" ">
      <subfield code="a">BATCHLOAD</subfield>
    </datafield>
  </record>